路線名と同じ駅名が他路線にある路線 - Statistics

General Stats
  • This quiz has been taken 366 times
    232 since last reset
  • The average score is 22 of 70
Answer Stats
路線名 駅名 路線 都道府県 % Correct
近鉄奈良線 奈良 JR関西本線 奈良県
73%
JR奈良線 奈良 JR関西本線他 奈良県
73%
JR横浜線 横浜 JR東海道本線他 神奈川県
68%
JR水戸線 水戸 JR常磐線他 茨城県
62%
阪急京都本線 京都 JR東海道本線他 京都府
59%
西武新宿線 新宿 JR山手線他 東京都
57%
近鉄山田線 山田 阪急千里線他 大阪府他
56%
阪急神戸本線 神戸 JR東海道本線他 兵庫県
56%
JR山田線 山田 阪急千里線他 大阪府他
56%
近鉄大阪線 大阪 JR東海道本線他 大阪府
55%
東武日光線 日光 JR日光線 栃木県
53%
名鉄名古屋本線 名古屋 JR東海道本線他 愛知県
53%
近鉄名古屋線 名古屋 JR東海道本線 愛知県
53%
東京メトロ丸ノ内線 丸ノ内 名鉄名古屋本線 愛知県
49%
東京メトロ千代田線 千代田 南海高野線 大阪府
47%
京急久里浜線 久里浜 JR横須賀線 神奈川県
46%
西武多摩川線 多摩川 東急東横線 東京都
45%
京王相模原線 相模原 JR横浜線 神奈川県
45%
小田急江ノ島線 江ノ島 江ノ島電鉄線 神奈川県
45%
東武宇都宮線 宇都宮 JR東北本線 栃木県
43%
京成千葉線 千葉 JR総武本線 千葉県
43%
京急逗子線 逗子 JR横須賀線 神奈川県
43%
西武山口線 山口 JR山口線他 山口県他
42%
東武小泉線 小泉 JR太多線 岐阜県
40%
東武野田線 野田 JR大阪環状線他 大阪府
40%
近鉄難波線 難波 南海南海本線他 大阪府
40%
南海高野線 高野 日暮里・舎人ライナー 東京都
40%
神戸市交山手線 山手 JR根岸線 神奈川県
40%
JR気仙沼線 気仙沼 大船渡線 宮城県
38%
東武桐生線 桐生 JR両毛線他 群馬県
37%
近鉄長野線 長野 JR信越本線 長野県
36%
近鉄田原本線 田原本 近鉄橿原線 奈良県
36%
京成金町線 金町 JR常磐線 東京都
35%
JR徳島線 徳島 JR高徳線他 徳島県
34%
JR花輪線 花輪 わたらせ渓谷鐵道線 群馬県
33%
JR鹿島線 鹿島 JR常磐線 福島県
33%
西武豊島線 豊島 豊橋鉄道渥美線 愛知県
32%
東武東上本線 東上 JR飯田線 愛知県
30%
西武狭山線 狭山 南海高野線 大阪府
30%
名鉄瀬戸線 瀬戸 JR山陽本線 岡山県
30%
近鉄鈴鹿線 鈴鹿 伊勢鉄道伊勢線 三重県
30%
JR五日市線 五日市 JR山陽本線 広島県
30%
近鉄御所線 御所 JR和歌山線 奈良県
26%
名古屋市交東山線 東山 近鉄生駒線他 奈良県
26%
岡山電気軌道東山本線 東山 近鉄生駒線他 奈良県
26%
名鉄豊川線 豊川 JR飯田線他 愛知県他
25%
山陽電鉄網干線 網干 JR山陽本線 兵庫県
21%
四日市あすなろう鉄道八王子線 八王子 JR中央本線他 東京都
19%
北陸鉄道石川線 石川 JR奥羽本線他 青森県
17%
京都市交烏丸線 烏丸 阪急京都本線 京都府
17%
高松琴平電気鉄道琴平線 琴平 JR土讃線 香川県
17%
ひたちなか海浜鉄道湊線 南海南海本線 大阪府
13%
高松琴平電気鉄道志度線 志度 JR高徳線 香川県
13%
福岡市交箱崎線 箱崎 JR鹿児島本線 福岡県
13%
伊賀鉄道伊賀線 伊賀 JR香椎線 福岡県
12%
京福電気鉄道北野線 北野 京王京王線他 東京都
10%
伊予鉄道城北線 城北 アストラムライン 広島県
9%
伊予鉄道本町線 本町 OsakaMetro御堂筋線他 大阪府
9%
JR東海交通事業城北線 城北 アストラムライン 広島県
9%
広島電鉄横川線 横川 JR山陽本線他 広島県
8%
とさでん交通駅前線 駅前 豊橋鉄道東田本線 愛知県
7%
埼玉新都市交通伊奈線 伊奈 名鉄名古屋本線 愛知県
6%
とさでん交通後免線 後免 JR土讃線他 高知県
6%
熊本電気鉄道藤崎線 藤崎 JR五能線 青森県
6%
伊予鉄道大手町線 大手町 東京メトロ丸ノ内線他 東京都他
5%
伊予鉄道花園線 花園 JR山陰本線他 京都府他
4%
函館市電大森線 大森 JR東海道本線他 東京都他
3%
富山地方鉄道線呉羽線 呉羽 あいの風とやま鉄道 富山県
2%
長崎電気軌道大浦支線 大浦 JR予讃線 愛媛県
2%
熊本市電水前寺線 水前寺 JR豊肥本線 熊本県
2%
No matching quizzes found
Score Distribution
Percent of People with Each Score
Percentile by Number Answered
Your Score History
You have not taken this quiz since the last reset